History Quiz

Random History Quiz

Signers of the constitution Quiz Stats

 Plays Quiz not verified by Sporcle

Score 0/39 Timer 10:00
0 Plays Today
State Signer % Correct
VirginiaGeorge Washington
96.3%
VirginiaJames Madison
92.6%
New YorkAlexander Hamilton
88.9%
PennsylvaniaBenjamin Franklin
88.9%
MarylandDaniel Carroll
70.4%
PennsylvaniaRobert Morris
70.4%
PennsylvaniaGouverneur Morris
70.4%
PennsylvaniaThomas Mifflin
66.7%
PennsylvaniaJames Wilson
66.7%
DelawareGeorge Read
63%
PennsylvaniaGeorge Clymer
63%
South CarolinaJohn Rutledge
59.3%
South CarolinaCharles Cotesworth Pinckney
59.3%
South CarolinaCharles Pinckney
59.3%
VirginiaJohn Blair
55.6%
GeorgiaAbraham Baldwin
55.6%
MassachusettsRufus King
55.6%
ConnecticutRoger Sherman
55.6%
New HampshireJohn Langdon
51.9%
New JerseyWilliam Livingston
51.9%
State Signer % Correct
New JerseyWilliam Paterson
51.9%
PennsylvaniaJared Ingersoll
51.9%
DelawareJacob Broom
48.1%
MarylandJames McHenry
48.1%
North CarolinaRichard Dobbs Spaight
48.1%
North CarolinaHugh Williamson
48.1%
ConnecticutWilliam Samuel Johnson
48.1%
North CarolinaWilliam Blount
44.4%
South CarolinaPierce Butler
44.4%
GeorgiaWilliam Few
44.4%
New HampshireNicholas Gilman
44.4%
MassachusettsNathaniel Gorham
44.4%
New JerseyDavid Brearley
44.4%
New JerseyJonathan Dayton
44.4%
DelawareGunning Bedford
40.7%
DelawareRichard Bassett
40.7%
PennsylvaniaThomas Fitzsimons
33.3%
MarylandDaniel of St Thomas Jennifer
22.2%
DelawareJohn Dickenson
18.5%

You're not logged in!

Compare scores with friends on all Sporcle quizzes.
OR
Log In

Sporcle TV

Today on Sporcle TV


Watch our educational content, quiz creation guides, and fun videos on Sporcle TV.

Show Comments

Extras

Created Aug 16, 2016ReportNominate
Tags:constitution, signer

Top Quizzes Today


Score Distribution

Your Account Isn't Verified!

In order to create a playlist on Sporcle, you need to verify the email address you used during registration. Go to your Sporcle Settings to finish the process.

Report this User

Report this user for behavior that violates our Community Guidelines.

Details: